| 000 | 00675nam a2200241 a 4500 | ||
|---|---|---|---|
| 005 | 20210219152828.0 | ||
| 008 | 991125n 000 0 eng u | ||
| 035 | _aUPN01000062563 | ||
| 100 | _aParadis, Edward E. | ||
| 222 | _aREADING TEACHER | ||
| 245 | _aAccountability : assessing comprehension during literature discussion / [et al.] | ||
| 300 | _a8-17 | ||
| 362 | _a1991 45, No. 1, | ||
| 505 | _aEnero 1992 | ||
| 653 | 0 | _aAVALUO EDUCATIVO | |
| 653 | 0 | _aCOMPRENSION LECTORA | |
| 653 | 0 | _aINSTRUCCION DE LA LECTURA | |
| 653 | 0 | _aMETODOS DE EVALUACION | |
| 700 | _aChatton, Barbara | ||
| 700 | _aBoswell, Ann | ||
| 904 |
_aAC _b000374 |
||
| 905 | _aArticulo | ||
| 999 |
_c61784 _d61784 |
||